000 00343nam a22001337a 4500
005 2012021700250.0
020 _a8120324889
_c225.00
035 _aB-115101
037 _aDPL
_bENG
245 _aC++ : Advanced programming /
260 _aNew Delhi
_bPHI
_c2004
300 _axi, 291p.
_c22 cms.
942 _2ddc
_cEN
_h005.43
_mCPL
999 _c63163
_d63163